Statistics for Islands of the Dutch Caribbean

Click here to take the quiz!

General Stats

  • This quiz has been taken 17 times
  • The average score is 5 of 6

Answer Stats

IslandType% Correct
ArubaConstituent country
94%
Sint MaartenConstituent country
94%
CuraçaoConstituent country
88%
BonaireMunicipality of the Netherlands
82%
SabaMunicipality of the Netherlands
71%
Sint EustatiusMunicipality of the Netherlands
65%

Score Distribution

Percentile by Number Answered

Percent of People with Each Score

Your Score History

You have not taken this quiz